000 00659cab a2200229 4500
001 ABS43113
008 090401t1990 xxu||||| |||| 00| 0 eng d
035 _a(Sirsi) u40479
041 _aeng
100 _aHamilton, B.
245 _aOutlining concepts
260 _c1990
350 _a0
490 _aNew Builder
_v(41) 5 July 1990, 18 (1)
520 _aDesign , procurement and construction are the main factors of building project schemes. Defines the responsibilities of the project manager.
650 _aCOSTS
650 _aPROJECT MASTER PLAN
650 _aTIME
690 _aProject management
_96261
942 _n0
948 _c04/03/1997
999 _c25939
_d25939